000 00225nam a22000857a 4500
008 170110b xxu||||| |||| 00| 0 eng d
100 _92290
_aBhat. R. L
245 _aABC of Historical Atlas-9
260 _aNew Delhi
_bHoly Faith
_c2007
999 _c5188
_d5188